000 00735nam a22002297a 4500
005 20251108164118.0
008 250721s1994 xx 000 0 ara d
082 1 4 _aم/217.2/قرا
100 1 _aالقرافي، شهاب الدين أبو العباس
245 1 0 _aالذخيرة /
264 1 _aبيروت :
_bدار الغرب الاسلامي،
_c1994.
300 _a14ج
500 _aالجزء 14 فهارس عامة
650 1 7 _aالفقه الإسلامي
650 1 7 _aالفقه المالكي
650 1 7 _aأصول الفقه
700 1 _aحجي، محمد
_eتحقيق
700 1 _aأعراب، سعيد
_eتحقيق
700 1 _aبوخبزة، محمد
_eتحقيق
942 _2ddc
_cREF
999 _c3930
_d3930